000 00757nam a2200253Ia 4500
003 OSt
005 20220916110943.0
006 a|||||r|||| 00| 0
007 ta
008 220915b |||||||| |||| 00| 0 eng d
024 _a29201
037 _cTextbook
040 _beng
_aARTS
_cARTS
041 _aeng
082 _aO111,1M65:gx, K51 (EO)
100 _aDonoghue Denis Ed.
245 0 _aHonoured guest : new essays on W B Yeats ed. by Denis Donoghue and J R Mulryne
260 _aLondon
_bEdward Arnold UK
300 _aviii,196p.
_ccm.
650 _aENGLISH LITERATURE
700 _a Mulryne J.R Ed.
942 _hO111,1M65:gx, K51 (EO)
_cTB
_2CC
999 _c102157
_d102157